MARC

LEADER 00000nam0a2200000 4500
001 103657
005 20231031113728.0
035 |a (RuTPU)RU\TPU\book\111752 
090 |a 103657 
100 |a 20061020d1973 m y0rusy50 ca 
101 0 |a rus 
102 |a RU 
105 |a a j 000zy 
200 1 |a Железные дороги  |e общий курс: учебник  |f под ред. М. М. Филиппова 
205 |a 2-е изд. 
210 |a Москва  |c Транспорт  |d 1973 
215 |a 256 с.  |c ил. 
610 1 |a железные дороги 
610 1 |a учебники 
610 1 |a железнодорожный транспорт 
610 1 |a устройства 
610 1 |a технические средства 
610 1 |a электроснабжение 
610 1 |a автоматика 
610 1 |a материально-техническое снабжение 
610 1 |a проектирование 
610 1 |a реконструкция 
675 |a 625(075.8)  |v 3 
702 1 |a Филиппов  |b М. М.  |4 340 
801 1 |a RU  |b 63413507  |c 20061020  |g PSBO 
801 2 |a RU  |b 63413507  |c 20171218  |g PSBO 
942 |c BK